[Event "Lvov Euro op 1st"]
[Site "Lvov"]
[Date "2012.05.31"]
[Round "6"]
[White "Pazderski, Ziemowit"]
[Black "Garnazhenko, Dmitry"]
[Result "0-1"]
[WhiteElo "2185"]
[BlackElo "2205"]
[PlyCount "72"]
[EventDate "2012.05.28"]
[EventType "swiss"]
[EventRounds "9"]
[EventCountry "UKR"]
[SourceTitle "CBM 148 Extra"]
[Source "ChessBase"]
[SourceDate "2012.06.22"]
[SourceVersion "1"]
[SourceVersionDate "2012.06.22"]
[SourceQuality "1"]

1. d4 f5 2. Nf3 g6 3. Bf4 Bg7 4. e3 Nf6 5. h3 d6 6. c4 c6 7. Nc3 0-0 8. Be2 Qe8 9. Bh2 Nbd7 10. 0-0 e5 11. dxe5 dxe5 12. Qd6 e4 13. Nd4 Qf7 14. Rad1 a5 15. Qe6 Nc5 16. Qd6 Ne6 17. Nxe6 Bxe6 18. Qc7 a4 19. a3 Qxc7 20. Bxc7 Nd7 21. Rd2 Rfc8 22. Bd6 Ne5 23. c5 Rd8 24. Nb1 Nf7 25. Rc1 Nxd6 26. cxd6 Be5 27. Bc4 Kf7 28. d7 Bxc4 29. Rxc4 Ke7 30. Nc3 Bxc3 31. Rxc3 Rxd7 32. Rdc2 Rd1+ 33. Kh2 Kd6 34. g4 Ra5 35. Kg3 fxg4 36. hxg4 Rg1+ 0-1

[Event "Geller Memorial op-A 7th"]
[Site "Odessa"]
[Date "2011.08.26"]
[Round "7"]
[White "Garnazhenko, Dmitry"]
[Black "Mirzoev, Emil"]
[Result "1/2-1/2"]
[WhiteElo "2131"]
[BlackElo "2138"]
[PlyCount "132"]
[EventDate "2011.08.20"]
[EventType "swiss"]
[EventRounds "9"]
[EventCountry "UKR"]
[SourceTitle "EXT 2014"]
[Source "ChessBase"]
[SourceDate "2013.11.20"]
[SourceVersion "1"]
[SourceVersionDate "2013.11.20"]
[SourceQuality "1"]

1. e4 c5 2. c3 Nf6 3. e5 Nd5 4. Nf3 Nc6 5. Bc4 Nc7 6. d4 cxd4 7. cxd4 d5 8. exd6 Qxd6 9. 0-0 e6 10. Nc3 Be7 11. a3 0-0 12. Be3 b6 13. Qe2 Bb7 14. Rfd1 Na5 15. Bd3 Nd5 16. Ne4 Qd8 17. b4 f5 18. Neg5 Nc3 19. Qe1 Nxd1 20. Nxe6 Qc8 21. Nxf8 Nb2 22. Bb5 Nac4 23. Nd7 Nd6 24. Qe2 Nxb5 25. Qxb5 Bc6 26. Qe2 Bxd7 27. Qxb2 Bc6 28. Bf4 Bd5 29. Qe2 Bf8 30. Rc1 Qd7 31. Ne5 Qa4 32. Qd3 a5 33. Qxf5 Qxa3 34. bxa5 bxa5 35. h4 Qe7 36. Ng6 Qe6 37. Qxe6+ Bxe6 38. Nxf8 Kxf8 39. Bd6+ Ke8 40. d5 Ra6 41. Be5 Bxd5 42. Rc8+ Kd7 43. Rc7+ Ke6 44. Bxg7 a4 45. Ba1 Rb6 46. Kh2 Rb1 47. Bd4 Rb4 48. Be3 Rxh4+ 49. Kg3 Rh1 50. Ra7 Bc6 51. f3 Kd5 52. Ra5+ Ke6 53. Bd4 Rd1 54. Bc3 Rd3 55. Bb4 Rb3 56. Bf8 Rb8 57. Bh6 Rb7 58. Bf4 Bb5 59. Ra8 Kd5 60. Bc1 Kc4 61. Ba3 Kb3 62. Bf8 Rf7 63. Rb8 Rf5 64. Kg4 Rd5 65. Rb7 h5+ 66. Kh4 a3 1/2-1/2

[Event "Geller Memorial op-A 7th"]
[Site "Odessa"]
[Date "2011.08.25"]
[Round "6"]
[White "Reshetkov, Kirill"]
[Black "Garnazhenko, Dmitry"]
[Result "1-0"]
[WhiteElo "2265"]
[BlackElo "2131"]
[PlyCount "187"]
[EventDate "2011.08.20"]
[EventType "swiss"]
[EventRounds "9"]
[EventCountry "UKR"]
[SourceTitle "EXT 2014"]
[Source "ChessBase"]
[SourceDate "2013.11.20"]
[SourceVersion "1"]
[SourceVersionDate "2013.11.20"]
[SourceQuality "1"]

1. Nf3 Nf6 2. c4 g6 3. d4 Bg7 4. Nc3 d5 5. Qb3 dxc4 6. Qxc4 0-0 7. e4 Na6 8. Be3 Ng4 9. Bg5 c5 10. d5 h6 11. Bf4 Qb6 12. Qb5 e6 13. h3 Nf6 14. d6 Bd7 15. Qxb6 axb6 16. Bxa6 Rxa6 17. 0-0 b5 18. e5 Nd5 19. Nxd5 exd5 20. a3 Ra4 21. Bg3 Rfa8 22. Rac1 b6 23. Rfd1 Rc4 24. Rxc4 dxc4 25. Nd2 c3 26. bxc3 Rxa3 27. Ne4 Ra4 28. Re1 b4 29. cxb4 Rxb4 30. Nc3 Rd4 31. Ra1 b5 32. Ra8+ Kh7 33. f3 b4 34. Ne4 Bc6 35. Rb8 Bxe4 36. fxe4 Rd3 37. Kf2 Rxg3 38. e6 fxe6 39. Kxg3 Be5+ 40. Kf3 Bxd6 41. Rb7+ Kg8 42. Rb6 Be7 43. Rxe6 Kf7 44. Rc6 b3 45. e5 c4 46. Ke2 b2 47. Rb6 c3 48. Kd3 Bc5 49. Rb7+ Ke6 50. Kxc3 Kxe5 51. Kxb2 Kf4 52. Rb3 h5 53. Kc2 g5 54. Rf3+ Ke4 55. Kd2 g4 56. hxg4 hxg4 57. Rf7 g3 58. Ke2 Bd6 59. Rf3 Bf4 60. Ra3 Bd6 61. Ra4+ Kf5 62. Kf3 Bc7 63. Ra7 Bb8 64. Ra5+ Ke6 65. Ke4 Bc7 66. Ra6+ Kd7 67. Kd5 Bb8 68. Rg6 Ke7 69. Re6+ Kf7 70. Rb6 Bf4 71. Ke4 Bd2 72. Kf5 Be3 73. Rb7+ Kg8 74. Ke6 Kf8 75. Rb3 Bf2 76. Kf6 Bd4+ 77. Kg6 Bf2 78. Rb8+ Ke7 79. Rb7+ Kf8 80. Kf5 Kg8 81. Kg4 Kf8 82. Rb3 Kg7 83. Rxg3 Bxg3 84. Kxg3 Kf6 85. Kf4 Kg6 86. Kg4 Kh6 87. Kf5 Kh7 88. Kf6 Kh8 89. Kg6 Kg8 90. g4 Kh8 91. g5 Kg8 92. Kh6 Kh8 93. g6 Kg8 94. g7 1-0

[Event "Zaporozhye Ermak Cup 7th"]
[Site "Zaporozhye"]
[Date "2011.07.01"]
[Round "9"]
[White "Garnazhenko, Dmitry"]
[Black "Solovyev, Artem"]
[Result "1-0"]
[WhiteElo "2100"]
[BlackElo "2120"]
[PlyCount "91"]
[EventDate "2011.06.25"]
[EventType "swiss"]
[EventRounds "9"]
[EventCountry "UKR"]
[SourceTitle "CBM 143 Extra"]
[Source "ChessBase"]
[SourceDate "2011.08.29"]
[SourceVersion "1"]
[SourceVersionDate "2011.08.29"]
[SourceQuality "1"]

1. e4 c5 2. c3 d5 3. exd5 Qxd5 4. d4 Nf6 5. Nf3 Bg4 6. dxc5 Qxc5 7. h3 Bh5 8. Be3 Qc7 9. Na3 a6 10. Qa4+ Nbd7 11. Bf4 Qc8 12. g4 Bg6 13. g5 Nd5 14. Ne5 b5 15. Qd4 e6 16. Nxd7 Qxd7 17. Be5 f6 18. gxf6 gxf6 19. Bxf6 Nxf6 20. Qxf6 Bg7 21. Qf4 Rf8 22. Qe3 Qc6 23. Bg2 Qc8 24. Bxa8 b4 25. Bd5 bxa3 26. Bxe6 Qc7 27. Rd1 Qe5 28. bxa3 Qxe3+ 29. fxe3 Bxc3+ 30. Ke2 Ke7 31. Bg4 Rb8 32. Rd7+ Kf6 33. Rc1 Rb2+ 34. Kf3 Bd2 35. Rd6+ Kg5 36. Rc5+ Kh6 37. Bf5 Rxa2 38. Bxg6 hxg6 39. Rxa6 Be1 40. Rcc6 Rf2+ 41. Ke4 Rg2 42. a4 Rg3 43. Re6 Bf2 44. Kd3 Kh5 45. Rac6 Rxh3 46. a5 1-0

[Event "Zaporozhye Ermak Cup 7th"]
[Site "Zaporozhye"]
[Date "2011.06.30"]
[Round "8"]
[White "Garnazhenko, Dmitry"]
[Black "Biriukov, Nikolai"]
[Result "1/2-1/2"]
[WhiteElo "2100"]
[BlackElo "2426"]
[PlyCount "135"]
[EventDate "2011.06.25"]
[EventType "swiss"]
[EventRounds "9"]
[EventCountry "UKR"]
[SourceTitle "CBM 143 Extra"]
[Source "ChessBase"]
[SourceDate "2011.08.29"]
[SourceVersion "1"]
[SourceVersionDate "2011.08.29"]
[SourceQuality "1"]

1. e4 Nf6 2. e5 Nd5 3. d4 d6 4. c4 Nb6 5. exd6 cxd6 6. Nc3 g6 7. Be3 Bg7 8. Rc1 0-0 9. b3 Nc6 10. d5 Ne5 11. Be2 e6 12. f4 Ned7 13. dxe6 Qe7 14. Nf3 Qxe6 15. Bd4 Bh6 16. g3 Qh3 17. Ne4 Re8 18. Nxd6 Re6 19. Nxc8 Rxc8 20. Kf2 Nf6 21. Bxf6 Rxf6 22. Qd4 Re6 23. Ne5 Bg7 24. c5 Rec6 25. Bf3 R6c7 26. Qe4 Bxe5 27. fxe5 h5 28. b4 Nd7 29. e6 Nf6 30. Qe5 Qxe6 31. Qxe6 fxe6 32. Rhe1 Kf7 33. Rcd1 Re8 34. Rd6 e5 35. Be4 Kg7 36. h3 Rf7 37. Kg2 Ref8 38. Bc2 e4 39. Re2 Re7 40. Re3 Re5 41. Bb3 Rf5 42. Bc4 Rf3 43. Rxf3 exf3+ 44. Kf1 g5 45. Rd4 g4 46. hxg4 Nxg4 47. Be6 Ne5 48. Kf2 Rf6 49. Rd6 Kf8 50. Bc8 Rf7 51. Rd4 Kg7 52. Be6 Rf6 53. Bc8 Rf7 54. Be6 Re7 55. Rd6 Re8 56. Bh3 Rf8 57. Bd7 Rf7 58. Be6 Rc7 59. Bd5 Nd3+ 60. Kxf3 Nxb4 61. a3 Nc2 62. Be4 Nxa3 63. c6 bxc6 64. Rxc6 Rxc6 65. Bxc6 Nc4 66. Kf4 Kh6 67. g4 h4 68. Bd5 1/2-1/2

[Event "UKR-ch sf"]
[Site "Alushta"]
[Date "2011.05.04"]
[Round "2"]
[White "Sidletsky, Andrey"]
[Black "Garnazhenko, Dmitry"]
[Result "0-1"]
[WhiteElo "1896"]
[BlackElo "2100"]
[PlyCount "98"]
[EventDate "2011.05.03"]
[EventType "swiss"]
[EventRounds "9"]
[EventCountry "UKR"]
[SourceTitle "CBM 142 Extra"]
[Source "ChessBase"]
[SourceDate "2011.06.27"]
[SourceVersion "1"]
[SourceVersionDate "2011.06.27"]
[SourceQuality "1"]

1. e4 c5 2. Nf3 Nc6 3. d4 cxd4 4. Nxd4 Nf6 5. Nc3 d6 6. Be2 Bd7 7. Be3 Rc8 8. 0-0 g6 9. h3 Bg7 10. Qd2 0-0 11. Rad1 a6 12. Nxc6 Bxc6 13. Bf3 Qc7 14. Bh6 b5 15. Bxg7 Kxg7 16. a3 Rfd8 17. Qg5 h6 18. Qg3 e5 19. h4 a5 20. Rfe1 b4 21. axb4 axb4 22. Nb1 Qb7 23. Nd2 Ba4 24. b3 Bb5 25. Rc1 Rc3 26. Nb1 Rc5 27. c4 bxc3 28. Rxc3 Rxc3 29. Nxc3 Bc6 30. Nd5 Bxd5 31. exd5 Qxb3 32. h5 g5 33. Qh3 Nxd5 34. Qf5 Nf6 35. Rb1 Qe6 36. Qc2 d5 37. Rb7 e4 38. Bd1 Rc8 39. Qb2 e3 40. fxe3 Qxe3+ 41. Qf2 Qxf2+ 42. Kxf2 Rc4 43. Bf3 g4 44. Be2 Rf4+ 45. Kg3 Re4 46. Bd1 Nxh5+ 47. Kh4 Nf6 48. g3 Re1 49. Bxg4 Re4 0-1

[Event "Zaporozhye Ermak Cup 6th"]
[Site "Zaporozhye"]
[Date "2010.06.27"]
[Round "8"]
[White "Goreskul, Alyona"]
[Black "Garnazhenko, Dmitry"]
[Result "1/2-1/2"]
[WhiteElo "2228"]
[BlackElo "1969"]
[PlyCount "77"]
[EventDate "2010.06.23"]
[EventType "swiss"]
[EventRounds "9"]
[EventCountry "UKR"]
[SourceTitle "CBM 137 Extra"]
[Source "ChessBase"]
[SourceDate "2010.09.01"]
[SourceVersion "1"]
[SourceVersionDate "2010.09.01"]
[SourceQuality "1"]

1. e4 c5 2. Nf3 g6 3. c4 Bg7 4. d4 Qb6 5. dxc5 Qxc5 6. Nc3 d6 7. Nd5 Bg4 8. h3 Bxf3 9. Qxf3 Nd7 10. Qb3 Ngf6 11. Be3 Qc8 12. Bd3 Nc5 13. Qb5+ Nfd7 14. Bc2 e6 15. Nf4 Qc6 16. Qxc6 bxc6 17. Rb1 a5 18. b3 Ke7 19. 0-0 Na6 20. a3 Rhb8 21. Bd2 Nc7 22. Rfe1 c5 23. Nd3 Bd4 24. Kf1 Ra7 25. f4 f6 26. Ke2 Na8 27. a4 Rf8 28. g4 Nb8 29. Kf3 Nc6 30. Kg3 Nb6 31. f5 e5 32. Rf1 Kf7 33. fxg6+ Kxg6 34. Rf3 Raf7 35. Rbf1 Nc8 36. h4 N8e7 37. Bd1 Kg7 38. h5 h6 39. Bc2 1/2-1/2

[Event "UKR-ch"]
[Site "Alushta"]
[Date "2010.05.08"]
[Round "6"]
[White "Andrenko, Irina"]
[Black "Garnazhenko, Dmitry"]
[Result "1/2-1/2"]
[WhiteElo "2149"]
[BlackElo "1969"]
[PlyCount "74"]
[EventDate "2010.05.03"]
[EventType "swiss"]
[EventRounds "9"]
[EventCountry "UKR"]
[SourceTitle "CBM 136 Extra"]
[Source "ChessBase"]
[SourceDate "2010.07.02"]
[SourceVersion "2"]
[SourceVersionDate "2010.07.15"]
[SourceQuality "1"]

1. e4 c5 2. Nf3 g6 3. d4 cxd4 4. Nxd4 Bg7 5. Nc3 Nc6 6. Be3 Nf6 7. Nxc6 bxc6 8. e5 Ng8 9. Bd4 Qa5 10. f4 f6 11. Qd2 fxe5 12. fxe5 c5 13. Be3 Bxe5 14. Bc4 Nf6 15. 0-0 Bb7 16. Rad1 Qc7 17. Bf4 Bxf4 18. Rxf4 0-0-0 19. Nb5 Qb6 20. Nd6+ Qxd6 21. Qxd6 exd6 22. Rxf6 Kc7 23. Rfxd6 Bc6 24. a4 Bxa4 25. Ra6 Bxc2 26. Rxa7+ Kc6 27. Bd5+ Kd6 28. Rd2 Bf5 29. Ra5 Rb8 30. Bf3+ Ke7 31. Rxc5 Rhc8 32. Re5+ Kf6 33. Ree2 Rb4 34. Kf2 Rcb8 35. Rd6+ Kg5 36. Rdd2 Be6 37. Kg3 R8b6 1/2-1/2

[Event "UKR-ch U16"]
[Site "Lugansk"]
[Date "2010.03.29"]
[Round "8"]
[White "Garnazhenko, Dmitry"]
[Black "Bortnyk, Olexandr"]
[Result "0-1"]
[WhiteElo "1919"]
[BlackElo "2308"]
[PlyCount "94"]
[EventDate "2010.03.23"]
[EventType "tourn"]
[EventRounds "11"]
[EventCountry "UKR"]
[SourceTitle "CBM 135 Extra"]
[Source "ChessBase"]
[SourceDate "2010.05.04"]
[SourceVersion "1"]
[SourceVersionDate "2010.05.04"]
[SourceQuality "1"]

1. e4 Nf6 2. e5 Nd5 3. d4 d6 4. c4 Nb6 5. exd6 exd6 6. Nc3 Nc6 7. h3 Be7 8. Nf3 Bf5 9. Be3 0-0 10. b3 Bf6 11. g4 Bg6 12. h4 Re8 13. g5 Be7 14. d5 Nb4 15. Nd4 h5 16. Be2 c5 17. dxc6 Nxc6 18. Bf3 d5 19. Nxc6 bxc6 20. 0-0 Ba3 21. Qd2 Qd7 22. c5 Nc8 23. Nb1 Bxb1 24. Raxb1 a5 25. Bxh5 Re4 26. Bf4 Qh3 27. Bg3 Bxc5 28. Qc3 Rxh4 29. Bxf7+ Kxf7 30. g6+ Kg8 31. Qf3 Ne7 32. Qf7+ Kh8 33. Bxh4 Qg4+ 34. Bg3 Qxg3+ 35. Kh1 Qh3+ 36. Kg1 Nf5 37. Rbe1 Qg4+ 38. Kh2 Bd6+ 39. f4 Bxf4+ 40. Rxf4 Qxf4+ 41. Kg1 Qg4+ 42. Kf2 Qh4+ 43. Kf1 Qh1+ 44. Kf2 Qh2+ 45. Kf3 Qg3+ 46. Ke2 Nd4+ 47. Kd1 Qd3+ 0-1

[Event "UKR-ch U16"]
[Site "Lugansk"]
[Date "2010.03.29"]
[Round "9"]
[White "Piliposyan, Mikael"]
[Black "Garnazhenko, Dmitry"]
[Result "0-1"]
[WhiteElo "1958"]
[BlackElo "1919"]
[PlyCount "66"]
[EventDate "2010.03.23"]
[EventType "tourn"]
[EventRounds "11"]
[EventCountry "UKR"]
[SourceTitle "CBM 135 Extra"]
[Source "ChessBase"]
[SourceDate "2010.05.04"]
[SourceVersion "1"]
[SourceVersionDate "2010.05.04"]
[SourceQuality "1"]

1. e4 c5 2. c3 g6 3. d4 cxd4 4. cxd4 d5 5. Nc3 dxe4 6. Bc4 Nc6 7. Qb3 e6 8. Nge2 Bd7 9. d5 Na5 10. dxe6 fxe6 11. Qd1 e3 12. Qd4 exf2+ 13. Qxf2 Nxc4 14. Qd4 Qf6 15. Qxc4 Rc8 16. Qg4 Bc5 17. Rf1 Qg7 18. Bg5 Nh6 19. Qf4 Nf5 20. Qd2 h6 21. Bf4 g5 22. g4 Nh4 23. 0-0-0 gxf4 24. Nxf4 Rf8 25. Nh5 Qg5 26. Qxg5 hxg5 27. Rxf8+ Bxf8 28. Nf6+ Ke7 29. Nxd7 Bg7 30. Kb1 Bxc3 31. bxc3 Rd8 32. Re1 Rxd7 33. Re5 Nf3 0-1

[Event "UKR-ch U16"]
[Site "Lugansk"]
[Date "2010.03.25"]
[Round "2"]
[White "Starozhilov, Leonid"]
[Black "Garnazhenko, Dmitry"]
[Result "1-0"]
[WhiteElo "2087"]
[BlackElo "1919"]
[PlyCount "101"]
[EventDate "2010.03.23"]
[EventType "tourn"]
[EventRounds "11"]
[EventCountry "UKR"]
[SourceTitle "CBM 135 Extra"]
[Source "ChessBase"]
[SourceDate "2010.05.04"]
[SourceVersion "1"]
[SourceVersionDate "2010.05.04"]
[SourceQuality "1"]

1. e4 c5 2. Nc3 g6 3. f4 Bg7 4. Nf3 Nc6 5. Bb5 Nd4 6. Bc4 e6 7. e5 d6 8. exd6 Qxd6 9. d3 Ne7 10. Ne4 Qc7 11. c3 Nxf3+ 12. Qxf3 0-0 13. Be3 b5 14. Bxb5 Rb8 15. a4 a6 16. Bxc5 axb5 17. Bd6 Qa7 18. Qf2 Ra8 19. Qxa7 Rxa7 20. Bc5 Nc6 21. Bxa7 Nxa7 22. axb5 Nxb5 23. Ra8 f5 24. Nd2 Nc7 25. Rb8 Na6 26. Rb5 Bd7 27. Ra5 Nb8 28. d4 Nc6 29. Ra2 Bh6 30. 0-0 e5 31. d5 Ne7 32. Ra7 Rd8 33. Nc4 Bb5 34. Rxe7 Bxc4 35. Re1 e4 36. Rc7 Bxd5 37. g3 Bb3 38. Rb7 Bd1 39. b4 Bg7 40. Rc7 Bf8 41. b5 Bd6 42. Rc6 Ba4 43. c4 Bb4 44. Ra1 Bd1 45. b6 e3 46. b7 Kf7 47. Rc7+ Ke6 48. Ra6+ Bd6 49. Rxd6+ Kxd6 50. Rc8 e2 51. Kf2 1-0

[Event "Wch U14"]
[Site "Kemer"]
[Date "2009.11.19"]
[Round "8"]
[White "Garnazhenko, Dmitry"]
[Black "Burcu, Cagatay"]
[Result "1-0"]
[WhiteElo "1947"]
[BlackElo "1754"]
[PlyCount "69"]
[EventDate "2009.11.12"]
[EventType "swiss"]
[EventRounds "11"]
[EventCountry "TUR"]
[SourceTitle "EXT 2010"]
[Source "ChessBase"]
[SourceDate "2010.11.25"]
[SourceVersion "1"]
[SourceVersionDate "2010.11.25"]
[SourceQuality "1"]

1. e4 e6 2. d4 d5 3. exd5 exd5 4. Nf3 Nf6 5. c4 c6 6. Nc3 Bd6 7. Be2 dxc4 8. Bxc4 0-0 9. 0-0 Qc7 10. Re1 Bg4 11. h3 Bh5 12. g4 Bg6 13. Ne5 b5 14. Bb3 b4 15. Na4 c5 16. Nxg6 hxg6 17. dxc5 Bh2+ 18. Kg2 Nc6 19. Be3 Rad8 20. Qc2 Nd4 21. Bxd4 Rxd4 22. Rad1 Rfd8 23. Rxd4 Rxd4 24. Qxg6 Qc6+ 25. Kxh2 Nxg4+ 26. Qxg4 Rxg4 27. hxg4 Qf3 28. Kg1 Qxg4+ 29. Kf1 Qh3+ 30. Ke2 Qg4+ 31. Kd3 Kf8 32. Re3 Qf4 33. f3 Qf5+ 34. Ke2 Qc8 35. Re4 1-0

[Event "Wch U14"]
[Site "Kemer"]
[Date "2009.11.15"]
[Round "4"]
[White "Kaminski, Thomas"]
[Black "Garnazhenko, Dmitry"]
[Result "1-0"]
[WhiteElo "2112"]
[BlackElo "1947"]
[PlyCount "52"]
[EventDate "2009.11.12"]
[EventType "swiss"]
[EventRounds "11"]
[EventCountry "TUR"]
[SourceTitle "EXT 2010"]
[Source "ChessBase"]
[SourceDate "2010.11.25"]
[SourceVersion "1"]
[SourceVersionDate "2010.11.25"]
[SourceQuality "1"]

1. d4 f5 2. Nc3 d5 3. Bg5 g6 4. Nf3 Nh6 5. e3 Nf7 6. h4 Bg7 7. Bb5+ c6 8. Ba4 Nd7 9. h5 a5 10. Bb3 Qc7 11. hxg6 hxg6 12. Rxh8+ Bxh8 13. Bf4 e5 14. Bg3 Qd8 15. dxe5 Ndxe5 16. Nxe5 Nxe5 17. Qe2 Bd7 18. 0-0-0 Qe7 19. Rh1 0-0-0 20. Qd2 Nc4 21. Bxc4 dxc4 22. Na4 c3 23. Nxc3 Be6 24. Qe1 Bf7 25. a3 g5 26. Nb1 Bf6 1-0

[Event "UKR-ch"]
[Site "Alushta"]
[Date "2009.05.14"]
[Round "4"]
[White "Garnazhenko, Dmitry"]
[Black "Domnin, Sergiy"]
[Result "0-1"]
[WhiteElo "1890"]
[BlackElo "2095"]
[PlyCount "62"]
[EventDate "2009.05.11"]
[EventType "swiss"]
[EventRounds "9"]
[EventCountry "UKR"]
[SourceTitle "CBM 130 Extra"]
[Source "ChessBase"]
[SourceDate "2009.07.02"]
[SourceVersion "2"]
[SourceVersionDate "2009.07.15"]
[SourceQuality "1"]

1. e4 c6 2. c4 g6 3. Nc3 Bg7 4. d4 d6 5. Be3 Nf6 6. h3 0-0 7. g4 a6 8. Bg2 Qc7 9. Rc1 e5 10. Nge2 Nbd7 11. 0-0 Qb8 12. f4 Ne8 13. Qd2 f6 14. Ng3 b5 15. cxb5 axb5 16. b3 Rf7 17. f5 g5 18. d5 c5 19. Rf2 h6 20. Bf1 Ba6 21. h4 b4 22. Nb1 Bxf1 23. Kxf1 Nc7 24. Rh2 Nb5 25. Qb2 Nd4 26. Bxd4 exd4 27. Nd2 Ne5 28. Qb1 Nxg4 29. Rh3 Rfa7 30. hxg5 hxg5 31. Nh5 Rxa2 0-1

[Event "UKR-ch"]
[Site "Alushta"]
[Date "2009.05.13"]
[Round "3"]
[White "Filin, Stas"]
[Black "Garnazhenko, Dmitry"]
[Result "1/2-1/2"]
[WhiteElo "2070"]
[BlackElo "1890"]
[PlyCount "110"]
[EventDate "2009.05.11"]
[EventType "swiss"]
[EventRounds "9"]
[EventCountry "UKR"]
[SourceTitle "CBM 130 Extra"]
[Source "ChessBase"]
[SourceDate "2009.07.02"]
[SourceVersion "2"]
[SourceVersionDate "2009.07.15"]
[SourceQuality "1"]

1. e4 c5 2. Ne2 Nc6 3. Nbc3 g6 4. d4 cxd4 5. Nxd4 Bg7 6. Be3 Nf6 7. Be2 0-0 8. 0-0 d5 9. exd5 Nb4 10. Ndb5 a6 11. Bc5 Nbxd5 12. Bf3 axb5 13. Nxd5 Nxd5 14. Bxd5 Qc7 15. Be3 Bf5 16. c3 b4 17. Rc1 bxc3 18. bxc3 e6 19. Bf3 e5 20. Bd5 Ra3 21. Qd2 b5 22. Qb2 Ra5 23. Qb4 Rb8 24. Rfd1 Bf8 25. Qb3 Ra3 26. Qb2 Kg7 27. Qd2 Be7 28. Bh6+ Kg8 29. h3 Rd8 30. Qe3 Ra6 31. Qf3 Rad6 32. Bb3 e4 33. Qe2 Rd3 34. Be3 Bf6 35. Bd4 Bxd4 36. cxd4 Qd6 37. d5 b4 38. Rxd3 exd3 39. Qe3 Qd7 40. Re1 Qc7 41. g4 d2 42. Qxd2 Be6 43. Qxb4 Bxd5 44. Rd1 Rb8 45. Qa4 Bxb3 46. axb3 Qc3 47. Kg2 Rxb3 48. Rd8+ Kg7 49. Qd4+ Qxd4 50. Rxd4 h6 51. f3 g5 52. Kf2 Kf6 53. Ra4 Kg6 54. Kg3 f6 55. Ra7 h5 1/2-1/2

[Event "UKR-ch U14"]
[Site "Kramatorsk"]
[Date "2009.03.11"]
[Round "10"]
[White "Garnazhenko, Dmitry"]
[Black "Borisenko, Viacheslav"]
[Result "1/2-1/2"]
[WhiteElo "1890"]
[BlackElo "2040"]
[PlyCount "101"]
[EventDate "2009.03.02"]
[EventType "tourn"]
[EventRounds "11"]
[EventCountry "UKR"]
[SourceTitle "CBM 129 Extra"]
[Source "ChessBase"]
[SourceDate "2009.05.05"]
[SourceVersion "2"]
[SourceVersionDate "2009.05.20"]
[SourceQuality "1"]

1. e4 c5 2. c3 e5 3. Bc4 Qc7 4. Nf3 Nc6 5. 0-0 Be7 6. Na3 Nf6 7. d4 d6 8. dxc5 dxc5 9. Bg5 0-0 10. Bxf6 Bxf6 11. Qe2 a6 12. Nc2 Na5 13. Bd5 Bd7 14. a4 Rac8 15. Ne3 Kh8 16. Rfd1 Be6 17. Bxe6 fxe6 18. Nc4 Nc6 19. Qe3 Ne7 20. a5 Rcd8 21. Ng5 Bxg5 22. Qxg5 Nc6 23. Qh5 h6 24. Rxd8 Rxd8 25. Qg4 Qd7 26. Qe2 Qf7 27. Rd1 Rxd1+ 28. Qxd1 Qc7 29. Qd6 Qxd6 30. Nxd6 Nxa5 31. Nf7+ Kg8 32. Nxe5 Nb3 33. f3 Kf8 34. Kf2 Ke7 35. Ke3 Na5 36. f4 b5 37. b4 Nb7 38. g4 cxb4 39. cxb4 Kd6 40. Kd4 a5 41. bxa5 Nxa5 42. Kc3 g5 43. fxg5 Kxe5 44. gxh6 Kf6 45. g5+ Kg6 46. Kb4 Nc4 47. Kxb5 Nd6+ 48. Kc6 Nxe4 49. h4 Ng3 50. Kd6 Nf5+ 51. Kxe6 1/2-1/2

[Event "UKR-ch U14"]
[Site "Kramatorsk"]
[Date "2009.03.09"]
[Round "8"]
[White "Garnazhenko, Dmitry"]
[Black "Piliposyan, Mikael"]
[Result "1-0"]
[WhiteElo "1890"]
[BlackElo "1988"]
[PlyCount "91"]
[EventDate "2009.03.02"]
[EventType "tourn"]
[EventRounds "11"]
[EventCountry "UKR"]
[SourceTitle "CBM 129 Extra"]
[Source "ChessBase"]
[SourceDate "2009.05.05"]
[SourceVersion "2"]
[SourceVersionDate "2009.05.20"]
[SourceQuality "1"]

1. e4 e5 2. Bc4 Nf6 3. d4 Nxe4 4. dxe5 c6 5. Bf4 Bc5 6. Qf3 d5 7. exd6 Bf5 8. Be3 Qf6 9. c3 Bxe3 10. fxe3 0-0 11. Ne2 Nxd6 12. Bb3 Nd7 13. 0-0 Qg6 14. Nf4 Qg4 15. Qxg4 Bxg4 16. h3 Bf5 17. Rd1 Nc8 18. e4 Bxe4 19. Rxd7 Nb6 20. Rxb7 c5 21. Re7 Bf5 22. Na3 h6 23. Rae1 g5 24. Nh5 a5 25. Rb7 a4 26. Rxb6 axb3 27. axb3 Bg6 28. Nf6+ Kg7 29. Nd7 Rfd8 30. Rb7 Bf5 31. Nxc5 Rd2 32. Nc4 Rd5 33. Na4 Rad8 34. Ne3 Re5 35. Nxf5+ Rxf5 36. Rf1 Rxf1+ 37. Kxf1 Rd1+ 38. Ke2 Rg1 39. Kf2 Rc1 40. c4 Rc2+ 41. Kg3 Rd2 42. c5 Rd3+ 43. Kh2 Rd2 44. c6 Rc2 45. c7 Kf6 46. Nb6 1-0

[Event "UKR-ch U14"]
[Site "Kramatorsk"]
[Date "2009.03.08"]
[Round "7"]
[White "Linker, Mikhail"]
[Black "Garnazhenko, Dmitry"]
[Result "0-1"]
[WhiteElo "1947"]
[BlackElo "1890"]
[PlyCount "130"]
[EventDate "2009.03.02"]
[EventType "tourn"]
[EventRounds "11"]
[EventCountry "UKR"]
[SourceTitle "CBM 129 Extra"]
[Source "ChessBase"]
[SourceDate "2009.05.05"]
[SourceVersion "2"]
[SourceVersionDate "2009.05.20"]
[SourceQuality "1"]

1. e4 c5 2. c3 g6 3. d4 cxd4 4. cxd4 d5 5. Nc3 dxe4 6. Bc4 Nf6 7. Qb3 e6 8. d5 exd5 9. Nxd5 Bg7 10. Bf4 Nxd5 11. Bxd5 0-0 12. Rd1 Qa5+ 13. Bd2 Qb6 14. Bb4 Bd4 15. Bxf8 Bxf2+ 16. Kf1 Kxf8 17. Qxb6 Bxb6 18. Bxe4 Na6 19. Nf3 Nc5 20. Bd5 Bf5 21. g4 Bxg4 22. Kg2 Bf5 23. Ne5 Rd8 24. Bf3 Re8 25. Rhe1 Ba5 26. Re2 f6 27. Nc4 Rxe2+ 28. Bxe2 Bc7 29. Bf3 b6 30. Nd6 Bd7 31. Ne4 Ke7 32. Nxc5 bxc5 33. Bd5 Be5 34. b3 f5 35. Rb1 g5 36. b4 Kd6 37. Rd1 Bd4 38. Ba8 Be6 39. a3 h5 40. bxc5+ Kxc5 41. Rc1+ Kd6 42. Kf3 Be5 43. Kg2 g4 44. Rc6+ Kd7 45. Ra6 Bd4 46. Bb7 Ke7 47. Ra4 Bb6 48. Kg3 Kf6 49. h3 a5 50. h4 Bb3 51. Rf4 Bc7 52. Bc8 Be6 53. Ba6 Bd7 54. Bc4 a4 55. Ba2 Bc6 56. Bb1 Be4 57. Ba2 Bd6 58. Bc4 Bxa3 59. Bb5 Ke5 60. Bxa4 Bc1 61. Rxe4+ Kxe4 62. Be8 f4+ 63. Kf2 Be3+ 64. Kg2 f3+ 65. Kh2 Kf4 0-1